[Event "Torneo Francisco Benko in Memorian"]
[Site "Buenos Aires ARG"]
[Date "2010.02.24"]
[Round "7.9"]
[White "Garzon, Enrique"]
[Black "Samur, Arturo Angel"]
[Result "0-1"]
[WhiteElo "2154"]
[BlackElo "2139"]
[PlyCount "68"]
[EventDate "2010.02.08"]
[EventType "swiss"]
[EventRounds "9"]
[EventCountry "ARG"]
[Source "lmi"]
[SourceDate "2010.02.08"]

1. e4 c5 2. Nf3 d6 3. Bb5+ Nd7 4. c3 Ngf6 5. Qe2 e5 6. O-O Be7 7. d4 Qc7 8.
Nbd2 O-O 9. d5 a6 10. Bd3 Ne8 11. Rd1 g6 12. g4 Ng7 13. Nf1 Nf6 14. h3 h5 15.
N3h2 Qd7 16. f3 Nh7 17. Qg2 Qd8 18. Ng3 Bg5 19. gxh5 Bxc1 20. Raxc1 Qh4 21. h6
Qxh6 22. Ng4 Qh4 23. Kh2 f5 24. exf5 gxf5 25. Nf2 Rf6 26. Rg1 Rg6 27. Qh1 e4
28. Bf1 Kf7 29. Rc2 e3 30. Nd3 c4 31. Nc1 Ng5 32. Nce2 f4 33. Ne4 Nxh3 34. Rxg6
Nf2+ 0-1

[Event "Torneo Francisco Benko in Memorian"]
[Site "Buenos Aires ARG"]
[Date "2010.02.24"]
[Round "7.10"]
[White "Friedheim, Diego"]
[Black "Anelli, Antonio Luis"]
[Result "0-1"]
[WhiteElo "1894"]
[BlackElo "2177"]
[PlyCount "90"]
[EventDate "2010.02.08"]
[EventType "swiss"]
[EventRounds "9"]
[EventCountry "ARG"]
[Source "lmi"]
[SourceDate "2010.02.08"]

1. e4 c5 2. Nf3 Nc6 3. Bb5 g6 4. O-O Bg7 5. Re1 e5 6. c3 Nge7 7. d3 a6 8. Ba4
O-O 9. Nbd2 d6 10. h3 h6 11. Nf1 Be6 12. N3h2 Kh7 13. Bc2 d5 14. exd5 Nxd5 15.
Ne3 Nf4 16. Nf3 Qc7 17. Nc4 Bxc4 18. Bxf4 Bd5 19. Nxe5 Nxe5 20. d4 Qc6 21. Bxe5
Bxg2 22. Qg4 Bf3 23. Be4 Bxe4 24. Qxe4 Qxe4 25. Rxe4 cxd4 26. cxd4 Rac8 27.
Bxg7 Kxg7 28. Re7 Rfd8 29. Rd1 b5 30. Rd2 Rd6 31. Kg2 Rcd8 32. Ra7 R8d7 33.
Rxd7 Rxd7 34. Kf3 Kf6 35. Ke4 Rc7 36. d5 Rc4+ 37. Rd4 Rc8 38. Rd2 Ke7 39. f4
Kd6 40. b3 Rc3 41. h4 f5+ 42. Kd4 Rf3 43. Rg2 Rxf4+ 44. Ke3 Rg4 45. Rd2 Rxh4
0-1

[Event "Torneo Francisco Benko in Memorian"]
[Site "Buenos Aires ARG"]
[Date "2010.02.24"]
[Round "7.26"]
[White "Paz, Prudencio Mario"]
[Black "Guelman, Jorge Miguel"]
[Result "1/2-1/2"]
[WhiteElo "1811"]
[BlackElo "1854"]
[PlyCount "184"]
[EventDate "2010.02.08"]
[EventType "swiss"]
[EventRounds "9"]
[EventCountry "ARG"]
[Source "lmi"]
[SourceDate "2010.02.08"]

1. d4 Nf6 2. Nf3 d5 3. c4 c6 4. e3 Bg4 5. cxd5 Qxd5 6. Be2 e6 7. a3 Qa5+ 8. Bd2
Qc7 9. Nc3 h6 10. h3 Bh5 11. O-O Bg6 12. Ne5 Bh7 13. Rc1 Qd8 14. Bd3 Bxd3 15.
Nxd3 Nbd7 16. Qe2 Be7 17. e4 O-O 18. f4 Nb6 19. Be3 Nc4 20. Bf2 Nb6 21. Rfd1
Nfd7 22. Ne1 Bh4 23. g3 Be7 24. Nf3 g5 25. fxg5 Bxg5 26. Nxg5 Qxg5 27. h4 Qg6
28. Kh1 Nf6 29. Rg1 Qg4 30. Qxg4+ Nxg4 31. Kg2 Rad8 32. Ne2 f5 33. e5 Nd5 34.
Kf3 h5 35. Rge1 Rd7 36. Rg1 Rdf7 37. Nf4 Nxf4 38. gxf4 Kh7 39. Rg2 Rg7 40. Rcg1
Rfg8 41. Ke2 Rd7 42. Be3 Rd5 43. Rc1 Rb5 44. b4 a5 45. Bd2 axb4 46. Bxb4 Rd5
47. Bc5 Ra8 48. Rb1 b5 49. Kd3 Rad8 50. Rc1 R5d7 51. Bd6 Rc8 52. Rgc2 Rg8 53.
Rxc6 Nf2+ 54. Ke3 Ne4 55. Rc7 Rg3+ 56. Ke2 Rg2+ 57. Kf1 Rgg7 58. Rxd7 Rxd7 59.
Rc7 Rxc7 60. Bxc7 Kg8 61. Ba5 Kf7 62. Ke2 Ke8 63. Kd3 Kd7 64. Kc2 Kc6 65. Be1
Kd5 66. Kd3 Kc6 67. Ke3 Kd5 68. Kd3 Kc6 69. Bb4 Kd5 70. Bf8 Kc6 71. a4 bxa4 72.
Kc4 Nd2+ 73. Kb4 Kd5 74. Kxa4 Kxd4 75. Kb5 Nf3 76. Be7 Ne1 77. Kc6 Nd3 78. Bg5
Ke4 79. Kd6 Nxf4 80. Bxf4 Kxf4 81. Kxe6 Kg4 82. Kd6 f4 83. e6 f3 84. e7 f2 85.
e8=Q f1=Q 86. Qg6+ Kxh4 87. Qe4+ Kg5 88. Qe5+ Qf5 89. Qe2 Qf4+ 90. Ke7 Qf6+ 91.
Ke8 Qg6+ 92. Kd8 Qf6+ 1/2-1/2

[Event "Torneo Francisco Benko in Memorian"]
[Site "Buenos Aires ARG"]
[Date "2010.02.25"]
[Round "8.1"]
[White "Preuss, Maximiliano"]
[Black "Obregon, Andres Carlos"]
[Result "0-1"]
[WhiteElo "2149"]
[BlackElo "2443"]
[PlyCount "82"]
[EventDate "2010.02.08"]
[EventType "swiss"]
[EventRounds "9"]
[EventCountry "ARG"]
[Source "lmi"]
[SourceDate "2010.02.08"]

1. e4 c5 2. Nf3 e6 3. d4 cxd4 4. Nxd4 a6 5. Nc3 Qc7 6. Be2 Nc6 7. Be3 Nf6 8.
O-O d6 9. a4 Be7 10. f4 O-O 11. Kh1 Bd7 12. Nb3 Na5 13. e5 Ne8 14. Nxa5 Qxa5
15. Qd2 Qc7 16. a5 dxe5 17. fxe5 Bc6 18. Bd4 Qd7 19. Qe3 Nc7 20. Ne4 Bxe4 21.
Qxe4 Qd5 22. Bd3 g6 23. c4 Qd7 24. Bc3 Rab8 25. Rf3 Ne8 26. Raf1 Rd8 27. Qe3
Qc6 28. Qh6 Rxd3 29. Rxd3 Qxc4 30. Rfd1 Ng7 31. Rh3 Nh5 32. Rdd3 Qa4 33. Rhe3
Qg4 34. h3 Qh4 35. Kh2 Bg5 36. Be1 Qf4+ 37. g3 Qf5 38. Rf3 Qxe5 39. Qxf8+ Kxf8
40. Bc3 Qe2+ 41. Kg1 e5 0-1

[Event "Torneo Francisco Benko in Memorian"]
[Site "Buenos Aires ARG"]
[Date "2010.02.25"]
[Round "8.2"]
[White "Liascovich, Lucas Agustin"]
[Black "Samur, Arturo Angel"]
[Result "0-1"]
[WhiteElo "2425"]
[BlackElo "2139"]
[PlyCount "63"]
[EventDate "2010.02.08"]
[EventType "swiss"]
[EventRounds "9"]
[EventCountry "ARG"]
[Source "lmi"]
[SourceDate "2010.02.08"]

1. d4 e6 2. Nf3 f5 3. g3 Nf6 4. Bg2 Be7 5. O-O O-O 6. c4 d6 7. Nc3 Qe8 8. Qc2
Qh5 9. e4 e5 10. dxe5 dxe5 11. exf5 Bxf5 12. Qb3 Nbd7 13. Nh4 Nc5 14. Qd1 Bg4
15. Bf3 Rad8 16. Qe2 Bxf3 17. Qxf3 Ng4 18. Qg2 Nd3 19. Ne4 g5 20. h3 Ngxf2 21.
Nxf2 Nxf2 22. Be3 Nd1 23. Rxf8+ Bxf8 24. Nf5 Nxe3 25. Nxe3 Bc5 26. Re1 Rd1 27.
Kh2 Rxe1 28. Qd5+ Qf7 29. Qd8+ Bf8 30. Ng4 Re2+ 31. Kg1 Kg7 32. b4 0-1

[Event "Torneo Francisco Benko in Memorian"]
[Site "Buenos Aires ARG"]
[Date "2010.02.25"]
[Round "8.4"]
[White "Quenallata, Luciano"]
[Black "Ambrogi, Agustin"]
[Result "1/2-1/2"]
[WhiteElo "2173"]
[BlackElo "2262"]
[PlyCount "94"]
[EventDate "2010.02.08"]
[EventType "swiss"]
[EventRounds "9"]
[EventCountry "ARG"]
[Source "lmi"]
[SourceDate "2010.02.08"]

1. c4 e6 2. e4 d5 3. exd5 exd5 4. d4 Nc6 5. Be3 Nf6 6. Nf3 Bb4+ 7. Nc3 O-O 8.
Be2 dxc4 9. Bxc4 Nd5 10. Bxd5 Qxd5 11. O-O Bxc3 12. bxc3 Bg4 13. Bf4 Rac8 14.
Qd3 Rfe8 15. Rfe1 Bxf3 16. Qxf3 Qxf3 17. gxf3 Ne7 18. Bg3 f6 19. Rad1 Kf7 20.
c4 c6 21. a4 Red8 22. Re2 Rd7 23. Rb2 Rcd8 24. a5 Nf5 25. Rdb1 Nxd4 26. Rxb7
Nxf3+ 27. Kg2 Nd2 28. R1b4 Ke6 29. a6 Ne4 30. Bc7 Ra8 31. Bf4 Nc5 32. Rxd7 Kxd7
33. Rb7+ Ke6 34. Rxg7 Nxa6 35. Be3 Nb4 36. Bxa7 h5 37. Bd4 Nc2 38. Ba7 Na3 39.
c5 Nb5 40. Bb6 Kf5 41. Kg3 Ra4 42. Rh7 Kg6 43. Rh8 Rg4+ 44. Kf3 Nd4+ 45. Ke3
Nf5+ 46. Kf3 Nd4+ 47. Ke3 Nf5+ 1/2-1/2

[Event "Torneo Francisco Benko in Memorian"]
[Site "Buenos Aires ARG"]
[Date "2010.02.25"]
[Round "8.6"]
[White "Seidler, Aldo Emilio"]
[Black "Calens, Diego Esteban"]
[Result "1-0"]
[WhiteElo "2299"]
[BlackElo "2080"]
[PlyCount "97"]
[EventDate "2010.02.08"]
[EventType "swiss"]
[EventRounds "9"]
[EventCountry "ARG"]
[Source "lmi"]
[SourceDate "2010.02.08"]

1. e4 c5 2. Nf3 e6 3. d4 cxd4 4. Nxd4 Nf6 5. Nc3 d6 6. Be2 a6 7. a4 Nc6 8. Be3
Be7 9. O-O O-O 10. Qd2 Qc7 11. Nb3 b6 12. f4 Re8 13. g4 d5 14. e5 d4 15. Nxd4
Rd8 16. exf6 Bxf6 17. Bd3 Nxd4 18. Ne4 Be7 19. Qf2 Qd7 20. Rad1 e5 21. fxe5
Qxg4+ 22. Ng3 Be6 23. Be4 Rac8 24. Rxd4 Rxd4 25. Bxd4 Bc4 26. Qf5 Qxf5 27. Nxf5
Bf8 28. Rf2 b5 29. axb5 axb5 30. Nd6 Rd8 31. Bb6 Bxd6 32. Bxd8 Bc5 33. Bd3 Kf8
34. b3 Bxd3 35. cxd3 Ke8 36. Bh4 Kd7 37. Kg2 Bxf2 38. Bxf2 Ke6 39. d4 f5 40.
exf6 gxf6 41. Kf3 Kf5 42. Bg3 Ke6 43. Ke4 f5+ 44. Kf4 Kd5 45. Bf2 Ke6 46. h3 h6
47. Be3 b4 48. Bf2 h5 49. h4 1-0

[Event "Torneo Francisco Benko in Memorian"]
[Site "Buenos Aires ARG"]
[Date "2010.02.25"]
[Round "8.7"]
[White "Negri, Santiago"]
[Black "Spata, German"]
[Result "1/2-1/2"]
[WhiteElo "2104"]
[BlackElo "2288"]
[PlyCount "53"]
[EventDate "2010.02.08"]
[EventType "swiss"]
[EventRounds "9"]
[EventCountry "ARG"]
[Source "lmi"]
[SourceDate "2010.02.08"]

1. e4 e6 2. Nf3 c5 3. c3 Nf6 4. e5 Nd5 5. d4 cxd4 6. cxd4 Nc6 7. Nc3 Nxc3 8.
bxc3 d6 9. exd6 Bxd6 10. Bd3 h6 11. O-O O-O 12. Qe2 Bd7 13. Ne5 Bxe5 14. dxe5
Qh4 15. Rb1 b6 16. Re1 f5 17. exf6 Rxf6 18. Ba3 e5 19. Qe4 Qxe4 20. Bxe4 Re8
21. Rbd1 Bf5 22. Bd5+ Be6 23. c4 Bf7 24. Bb2 Kh7 25. f3 Bg6 26. Bxe5 Nxe5 27.
Re2 1/2-1/2

[Event "Torneo Francisco Benko in Memorian"]
[Site "Buenos Aires ARG"]
[Date "2010.02.25"]
[Round "8.8"]
[White "Cappareli, Damian"]
[Black "Torres, Alejo"]
[Result "1/2-1/2"]
[WhiteElo "2277"]
[BlackElo "1861"]
[PlyCount "88"]
[EventDate "2010.02.08"]
[EventType "swiss"]
[EventRounds "9"]
[EventCountry "ARG"]
[Source "lmi"]
[SourceDate "2010.02.08"]

1. d4 Nf6 2. Nf3 c5 3. g3 cxd4 4. Nxd4 Qa5+ 5. Nd2 Nc6 6. Nxc6 dxc6 7. Bg2 g6
8. O-O Bg7 9. Nc4 Qc5 10. b3 Nd5 11. Ba3 Qd4 12. Qxd4 Bxd4 13. Rad1 Nc3 14. Rd3
Bf6 15. e4 Nb5 16. Bc5 Be6 17. e5 Bg7 18. f4 Bf5 19. Rd2 Nc3 20. Na5 Be4 21.
Nxb7 Bxg2 22. Rxg2 Rb8 23. Na5 Rb5 24. b4 Ne4 25. c4 Rxa5 26. bxa5 Nxc5 27. Rd2
O-O 28. Rfd1 Rb8 29. Rd8+ Rxd8 30. Rxd8+ Bf8 31. Rc8 e6 32. Rxc6 Kg7 33. Kf1
Ne4 34. a6 h5 35. Rc7 Bc5 36. Ke2 Bb6 37. Rb7 Bg1 38. Kf3 Nd2+ 39. Ke2 Nxc4 40.
Kd3 Na5 41. Rc7 Bb6 42. Rc8 Bg1 43. Rc7 Bb6 44. Rc8 Bg1 1/2-1/2

[Event "Torneo Francisco Benko in Memorian"]
[Site "Buenos Aires ARG"]
[Date "2010.02.25"]
[Round "8.9"]
[White "Anelli, Antonio Luis"]
[Black "Naspleda, Federico Daniel"]
[Result "1-0"]
[WhiteElo "2177"]
[BlackElo "2070"]
[PlyCount "91"]
[EventDate "2010.02.08"]
[EventType "swiss"]
[EventRounds "9"]
[EventCountry "ARG"]
[Source "lmi"]
[SourceDate "2010.02.08"]

1. d4 Nf6 2. c4 g6 3. Nc3 Bg7 4. e4 d6 5. f3 O-O 6. Be3 e5 7. d5 c6 8. Qd2 cxd5
9. cxd5 a6 10. O-O-O b5 11. Kb1 Nbd7 12. Bd3 Qa5 13. Nce2 b4 14. Nc1 Nc5 15.
Bc2 h5 16. Nge2 Qb5 17. Nb3 a5 18. Rc1 Ba6 19. Rhe1 Nfd7 20. Nxc5 Nxc5 21. Bxc5
dxc5 22. Bb3 Qd3+ 23. Qxd3 Bxd3+ 24. Ka1 Bh6 25. Rxc5 Bd2 26. Nc1 Bxe1 27. Nxd3
Rfc8 28. Rc6 Rxc6 29. dxc6 Bh4 30. Kb1 Bf6 31. Nc5 Rc8 32. Bd5 Kg7 33. Kc2 Bd8
34. Nd7 f6 35. Kb3 Rc7 36. Nc5 Kf8 37. Ka4 Ra7 38. Kb5 Ke7 39. Ne6 a4 40. Kxb4
f5 41. Kb5 Ra5+ 42. Kb4 Ra7 43. Nc5 a3 44. b3 Kd6 45. Na4 Kc7 46. Kxa3 1-0

[Event "Torneo Francisco Benko in Memorian"]
[Site "Buenos Aires ARG"]
[Date "2010.03.01"]
[Round "9.3"]
[White "Samur, Arturo Angel"]
[Black "Seidler, Aldo Emilio"]
[Result "1-0"]
[WhiteElo "2139"]
[BlackElo "2299"]
[PlyCount "73"]
[EventDate "2010.02.08"]
[EventType "swiss"]
[EventRounds "9"]
[EventCountry "ARG"]
[Source "lmi"]
[SourceDate "2010.02.08"]

1. e4 c5 2. Nf3 e6 3. d3 Nc6 4. g3 Be7 5. Bg2 d6 6. O-O Nf6 7. Re1 Qc7 8. c3
O-O 9. d4 cxd4 10. cxd4 b5 11. d5 Nb4 12. Nc3 Bd7 13. dxe6 fxe6 14. a3 Na6 15.
e5 dxe5 16. Nxe5 Rad8 17. Qe2 Nc5 18. Bf4 Qb6 19. Be3 Qc7 20. Bg5 a6 21. Rac1
Nb3 22. Nd5 Nxc1 23. Nxe7+ Kh8 24. Rxc1 Qd6 25. N7c6 Rc8 26. Rd1 Qc7 27. Bxf6
Bxc6 28. Nxc6 Rxf6 29. Ne5 h6 30. h4 Qa7 31. h5 Kg8 32. Ng4 Rf7 33. Qxe6 Rcf8
34. Rd2 Qc5 35. Qd5 Qc1+ 36. Kh2 Re8 37. f4 1-0

[Event "Torneo Francisco Benko in Memorian"]
[Site "Buenos Aires ARG"]
[Date "2010.03.01"]
[Round "9.4"]
[White "Garcia, Raimundo"]
[Black "Anelli, Antonio Luis"]
[Result "1-0"]
[WhiteElo "2323"]
[BlackElo "2177"]
[PlyCount "43"]
[EventDate "2010.02.08"]
[EventType "swiss"]
[EventRounds "9"]
[EventCountry "ARG"]
[Source "lmi"]
[SourceDate "2010.02.08"]

1. Nf3 c5 2. c4 Nf6 3. Nc3 g6 4. d4 Bg7 5. e4 Qa5 6. Bd2 cxd4 7. Nxd4 Nxe4 8.
Nxe4 Qe5 9. Bd3 f5 10. Nf3 Qxb2 11. Rb1 Qxa2 12. Nc3 Qa5 13. Nd5 Qd8 14. O-O
Nc6 15. Re1 O-O 16. Bg5 Rf7 17. Qe2 Bf8 18. Ne5 Rg7 19. Bh6 Nxe5 20. Qxe5 e6
21. Bxg7 d6 22. Qf6 1-0

[Event "Torneo Francisco Benko in Memorian"]
[Site "Buenos Aires ARG"]
[Date "2010.03.01"]
[Round "9.5"]
[White "Ambrogi, Agustin"]
[Black "Preuss, Maximiliano"]
[Result "1-0"]
[WhiteElo "2262"]
[BlackElo "2149"]
[PlyCount "93"]
[EventDate "2010.02.08"]
[EventType "swiss"]
[EventRounds "9"]
[EventCountry "ARG"]
[Source "lmi"]
[SourceDate "2010.02.08"]

1. d4 Nf6 2. Bg5 Ne4 3. Bf4 c5 4. f3 Qa5+ 5. c3 Nf6 6. d5 Qb6 7. Bc1 e6 8. c4
exd5 9. cxd5 d6 10. e4 g6 11. Nd2 Nbd7 12. Nc4 Qc7 13. a4 Nb6 14. Na3 Bd7 15.
a5 Nc8 16. Nb5 Qb8 17. Bd3 Bg7 18. Ne2 O-O 19. O-O a6 20. Na3 b5 21. axb6 Nxb6
22. Nc3 Re8 23. Re1 Nh5 24. f4 Bd4+ 25. Kh1 Qd8 26. Be2 Bf2 27. Bxh5 Bxe1 28.
Qxe1 gxh5 29. Qg3+ Kh8 30. b3 Rg8 31. Qf2 f6 32. Bb2 Be8 33. h3 Ra7 34. Qh4
Rag7 35. Nd1 Nd7 36. Ne3 Bg6 37. f5 Bf7 38. Nac4 Qb8 39. Rxa6 Qxb3 40. Rxd6
Rxg2 41. Nxg2 Qxc4 42. Qf2 Be8 43. Rxd7 Bxd7 44. Bxf6+ Rg7 45. Qg3 Qc1+ 46. Kh2
Qh6 47. Qb8+ 1-0

[Event "Torneo Francisco Benko in Memorian"]
[Site "Buenos Aires ARG"]
[Date "2010.03.01"]
[Round "9.7"]
[White "Rodriguez, Esteban Emilio"]
[Black "Albarracin, Nicolas"]
[Result "0-1"]
[WhiteElo "2173"]
[BlackElo "2052"]
[PlyCount "98"]
[EventDate "2010.02.08"]
[EventType "swiss"]
[EventRounds "9"]
[EventCountry "ARG"]
[Source "lmi"]
[SourceDate "2010.02.08"]

1. e4 c5 2. Nf3 Nc6 3. d4 cxd4 4. Nxd4 Nf6 5. Nc3 e5 6. Ndb5 d6 7. a4 a6 8. Na3
Be7 9. Nc4 Be6 10. Bg5 Nd4 11. Bxf6 Bxf6 12. Nd5 Bxd5 13. exd5 O-O 14. c3 Nf5
15. Be2 Ne7 16. h4 Qc7 17. a5 Rad8 18. Qd3 Qc5 19. Ne3 Rfe8 20. Rd1 Ng6 21. Qe4
Qxa5 22. Bd3 Qb6 23. Rd2 Qa5 24. Ke2 Nf4+ 25. Kf1 Nxd3 26. Qxd3 e4 27. Qe2 g6
28. h5 Bg7 29. hxg6 fxg6 30. Qg4 Qc7 31. Qh4 Bh8 32. Ng4 h5 33. Nh6+ Kg7 34.
Nf5+ Kf8 35. Nd4 Bxd4 36. Rxd4 Qe7 37. Qf4+ Kg7 38. Qe3 Rd7 39. g4 Qe5 40. gxh5
gxh5 41. Rg1+ Kh7 42. Rh1 Rf7 43. Rh4 Ref8 44. Rd2 Rf4 45. Rh3 h4 46. c4 Qg5
47. c5 Rg8 48. cxd6 Qg1+ 49. Ke2 Rgf8 0-1

[Event "Torneo Francisco Benko in Memorian"]
[Site "Buenos Aires ARG"]
[Date "2010.03.01"]
[Round "9.7"]
[White "Spata, German"]
[Black "Quenallata, Luciano"]
[Result "1-0"]
[WhiteElo "2288"]
[BlackElo "2173"]
[PlyCount "59"]
[EventDate "2010.02.08"]
[EventType "swiss"]
[EventRounds "9"]
[EventCountry "ARG"]
[Source "lmi"]
[SourceDate "2010.02.08"]

1. e4 c5 2. Nf3 d6 3. Bb5+ Bd7 4. Bxd7+ Qxd7 5. O-O Nc6 6. c3 Nf6 7. d4 e5 8.
dxc5 dxc5 9. Qe2 Be7 10. Rd1 Qc7 11. Na3 a6 12. Nc4 O-O 13. Ne3 b5 14. Nd5 Qb7
15. Bg5 Nxd5 16. exd5 Bxg5 17. dxc6 Qe7 18. Rd7 Qf6 19. Qxe5 Qxe5 20. Nxe5 Rac8
21. Ra7 Rfe8 22. Nf3 Bf6 23. Rxa6 Re2 24. Rb1 g5 25. Kf1 Rc2 26. c7 Be7 27. Re6
Kf8 28. Rd1 Rxb2 29. Ne5 Rxa2 30. Nd7+ 1-0

[Event "Torneo Francisco Benko in Memorian"]
[Site "Buenos Aires ARG"]
[Date "2010.03.01"]
[Round "9.8"]
[White "Torres, Alejo"]
[Black "Negri, Santiago"]
[Result "0-1"]
[WhiteElo "1861"]
[BlackElo "2104"]
[PlyCount "52"]
[EventDate "2010.02.08"]
[EventType "swiss"]
[EventRounds "9"]
[EventCountry "ARG"]
[Source "lmi"]
[SourceDate "2010.02.08"]

1. e4 c5 2. Nf3 a6 3. d4 cxd4 4. Nxd4 Nf6 5. Nc3 d6 6. Bc4 e6 7. Bb3 Nbd7 8.
Bg5 Nc5 9. f4 Be7 10. Qf3 Qc7 11. O-O-O O-O 12. f5 b5 13. fxe6 fxe6 14. Qh3
Nxb3+ 15. axb3 b4 16. Na4 Nxe4 17. Bxe7 Qxe7 18. Nb6 e5 19. Nxc8 Raxc8 20. Nf5
Qg5+ 21. Ne3 Nf2 22. Qg3 Qxg3 23. hxg3 Nxh1 24. Rxh1 Rf2 25. Rf1 Rcxc2+ 26.
Nxc2 Rxf1+ 0-1

[Event "Torneo Francisco Benko in Memorian"]
[Site "Buenos Aires ARG"]
[Date "2010.03.01"]
[Round "9.9"]
[White "Malajovich, Sandra"]
[Black "Piñeiro, Dario"]
[Result "0-1"]
[WhiteElo "2114"]
[BlackElo "2027"]
[PlyCount "72"]
[EventDate "2010.02.08"]
[EventType "swiss"]
[EventRounds "9"]
[EventCountry "ARG"]
[Source "lmi"]
[SourceDate "2010.02.08"]

1. Nf3 f5 2. g3 d6 3. d4 Nf6 4. Bg2 g6 5. O-O Bg7 6. c3 O-O 7. Nbd2 c6 8. Qc2
Qe8 9. e4 e5 10. dxe5 dxe5 11. exf5 gxf5 12. Nh4 Ng4 13. h3 Nh6 14. Nc4 Qe7 15.
Bxh6 Bxh6 16. Rad1 e4 17. f4 Qc5+ 18. Rd4 Bg7 19. Ne5 Be6 20. g4 Nd7 21. gxf5
Nxe5 22. fxe5 Bxe5 23. Qxe4 Bc4 24. b4 Bxd4+ 25. cxd4 Qd6 26. Rf2 Qf6 27. Qg4+
Kh8 28. Qh5 Bf7 29. Qg4 Rad8 30. Nf3 Bd5 31. Ne5 Bxg2 32. Rxg2 Rg8 33. Qh5
Rxg2+ 34. Kxg2 Rxd4 35. Nf3 Rd8 36. h4 Rf8 0-1